00471nam a2200193 a 4500001001300000003000900013005001700022008004100039020000900080082001600089100002000105245002200125260003400147300000900181500003500190505001000225650002200235700002000257nice12345678IN_TiNIC20260116012516.0050524s1982 dela grp 000 0 urd  ac1000a297.63bJAH aGhais, Jheelami aGULDASTA-I-NABAWI aDelhibMaktaba Alhasnatc1982 a188p aincludes index and biblioraphy2 aIndex aMuhammad, Prophet1 aGhais, Jheelami